000 01121nam a2200325Ia 4500
003 GCL
005 20240530101953.0
008 140319s9999 xx 000 0 ara d
040 _aGCL /
_cGCL
082 0 4 _a071.962
_bق/ا ت
100 1 _aابراهيم عبده الهوارى
245 1 0 _aتطور الصحافة المصرية 1798 - 1981 /
_cابراهيم عبده الهوارى
260 _a[S.N] :
_bمؤسسة سجل العرب ،
_c1982
300 _a375 ص
650 0 4 _aتاريخ
650 0 4 _aتنظيم وادارة
650 0 4 _aقوانين وتشريعات
650 0 4 _aالجوانب الاجتماعية
650 0 4 _aالصحافة المصرية
650 0 4 _aثورة 23 يوليو 1952
650 0 4 _aالصحافة العربية
650 0 4 _aالحكومة
650 0 4 _aالحكومة والصحافة
650 0 4 _aالراى العام
650 0 4 _aالرقابة
650 0 4 _aالاحتلال البريطانى
650 0 4 _aالدوريات
650 0 4 _aمصر - تاريخ - العصر الحديث - الثورة العرابية
942 _2ddc
_cBK
999 _c29073
_d29073